[Event "Ano Liosia op"]
[Site "Ano Liosia"]
[Date "1996.??.??"]
[Round "7"]
[White "Karkanaque, Ilir"]
[Black "Orfanos, Lefteris"]
[Result "1-0"]
[WhiteElo "2400"]
[BlackElo "2165"]
[PlyCount "79"]
[EventDate "1996.??.??"]
[EventType "swiss"]
[EventRounds "9"]
[EventCountry "GRE"]
[SourceTitle "CBM 051 Extra"]
[Source "ChessBase"]
[SourceDate "1996.05.01"]
[SourceVersion "1"]
[SourceVersionDate "1996.05.01"]
[SourceQuality "1"]

1. d4 Nf6 2. c4 g6 3. Nc3 d5 4. Nf3 Bg7 5. Bg5 Ne4 6. cxd5 Nxg5 7. Nxg5 e6 8. Nf3 exd5 9. b4 Qd6 10. a3 0-0 11. e3 c6 12. Qd2 Bf5 13. Be2 Nd7 14. 0-0 b5 15. Na2 Nb6 16. Nc1 Nc4 17. Qc3 a5 18. Nb3 Nxa3 19. bxa5 Nc4 20. Ne1 Ra7 21. Bd3 Bd7 22. Nc2 Rfa8 23. Ra2 Bf8 24. Rfa1 b4 25. Qe1 Qb8 26. e4 Be6 27. e5 c5 28. dxc5 Nxe5 29. Bf1 Ng4 30. g3 d4 31. Ncxd4 Bd5 32. Bg2 Bxg2 33. Kxg2 Qb7+ 34. c6 Qc8 35. Rc1 Re7 36. Re2 Raa7 37. Rcc2 Rxe2 38. Rxe2 h5 39. Re8 Qc7 40. Qxb4 1-0

[Event "Aegina op"]
[Site "Aegina"]
[Date "1996.??.??"]
[Round "4"]
[White "Orfanos, Lefteris"]
[Black "Grivas, Efstratios"]
[Result "0-1"]
[WhiteElo "2165"]
[BlackElo "2500"]
[PlyCount "63"]
[EventDate "1996.??.??"]
[EventType "swiss"]
[EventRounds "9"]
[EventCountry "GRE"]
[SourceTitle "EXT 1997"]
[Source "ChessBase"]
[SourceDate "1996.11.15"]
[SourceVersion "1"]
[SourceVersionDate "1996.11.15"]
[SourceQuality "1"]

1. d4 Nf6 2. c4 g6 3. Nc3 Bg7 4. e4 d6 5. f3 a6 6. Be3 c6 7. Qd2 b5 8. cxb5 axb5 9. b4 0-0 10. Bd3 Nbd7 11. Nge2 Nb6 12. 0-0 Be6 13. Bh6 Bc4 14. Bxc4 Nxc4 15. Qg5 Ra3 16. Kh1 d5 17. e5 Nd7 18. Qh4 Bxh6 19. Qxh6 e6 20. Rac1 Qe7 21. Rb1 f6 22. exf6 Qxf6 23. Rb3 Ra7 24. Rd1 e5 25. Qc1 Qh4 26. dxe5 Ndxe5 27. Nd4 Qf2 28. Rb1 Re7 29. Qh6 Ne3 30. Rg1 N3g4 31. fxg4 Qxd4 32. Ne2 0-1

[Event "Ano Liosia op"]
[Site "Ano Liosia"]
[Date "1996.??.??"]
[Round "6"]
[White "Orfanos, Lefteris"]
[Black "Koerant, Filipos"]
[Result "1-0"]
[WhiteElo "2165"]
[BlackElo "2160"]
[PlyCount "81"]
[EventDate "1996.??.??"]
[EventType "swiss"]
[EventRounds "9"]
[EventCountry "GRE"]
[SourceTitle "CBM 051 Extra"]
[Source "ChessBase"]
[SourceDate "1996.05.01"]
[SourceVersion "1"]
[SourceVersionDate "1996.05.01"]
[SourceQuality "1"]

1. d4 d6 2. e4 g6 3. Nc3 Bg7 4. Nge2 Nf6 5. g3 0-0 6. Bg2 e5 7. 0-0 Re8 8. h3 Nc6 9. Be3 exd4 10. Nxd4 Ne5 11. b3 Bd7 12. Kh2 a6 13. f3 d5 14. Bg5 Nfg4+ 15. hxg4 Qxg5 16. Nxd5 c5 17. Ne2 Nxg4+ 18. fxg4 Bxg4 19. Bf3 Qh5+ 20. Kg2 Qh3+ 21. Kf2 Qh2+ 22. Bg2 Rxe4 23. Rh1 Rxe2+ 24. Qxe2 Bd4+ 25. Qe3 Qxh1 26. Rxh1 h5 27. Qxd4 cxd4 28. Nf6+ Kg7 29. Nxg4 hxg4 30. Bxb7 Rb8 31. Bd5 Rb5 32. Bc4 Ra5 33. a4 Rf5+ 34. Kg2 Re5 35. Rf1 f5 36. Bxa6 Rc5 37. Bc4 Kf6 38. Re1 Kg5 39. Rd1 f4 40. gxf4+ Kh4 41. Rh1# 1-0

[Event "Aegina op"]
[Site "Aegina"]
[Date "1996.??.??"]
[Round "8"]
[White "Orfanos, Lefteris"]
[Black "Sirigos, Nikolaos"]
[Result "1/2-1/2"]
[WhiteElo "2165"]
[BlackElo "2290"]
[PlyCount "82"]
[EventDate "1996.??.??"]
[EventType "swiss"]
[EventRounds "9"]
[EventCountry "GRE"]
[SourceTitle "EXT 1997"]
[Source "ChessBase"]
[SourceDate "1996.11.15"]
[SourceVersion "1"]
[SourceVersionDate "1996.11.15"]
[SourceQuality "1"]

1. d4 Nf6 2. c4 d6 3. Nf3 Nbd7 4. Nc3 e5 5. e4 g6 6. Be2 Bg7 7. 0-0 0-0 8. d5 Nc5 9. Nd2 a5 10. b3 Bh6 11. Qc2 Bd7 12. a3 c6 13. Rb1 Bxd2 14. Bxd2 cxd5 15. cxd5 Rc8 16. f3 Nh5 17. Bh6 Re8 18. Be3 Nf4 19. Bc4 Qg5 20. Kh1 b5 21. Nxb5 Qe7 22. a4 f5 23. Qd2 fxe4 24. Bxf4 exf4 25. Qxf4 Bxb5 26. Bxb5 Rf8 27. Qe3 Qe5 28. Bc6 Rf6 29. fxe4 Rcf8 30. Rxf6 Rxf6 31. Bb5 Rf4 32. Rf1 Rh4 33. h3 Rxe4 34. Qf3 Qe7 35. Qf6 Nxb3 36. Qxe7 Rxe7 37. Rf6 Nd4 38. Rxd6 Nxb5 39. axb5 Rb7 40. b6 a4 41. Rc6 a3 1/2-1/2

[Event "Chania op 5th"]
[Site "Chania"]
[Date "1995.??.??"]
[Round "5"]
[White "Seitaj, Ilir"]
[Black "Orfanos, Lefteris"]
[Result "1-0"]
[WhiteElo "2395"]
[BlackElo "2135"]
[PlyCount "73"]
[EventDate "1995.08.??"]
[EventType "swiss"]
[EventRounds "9"]
[EventCountry "GRE"]
[SourceTitle "EXT 1997"]
[Source "ChessBase"]
[SourceDate "1996.11.15"]
[SourceVersion "1"]
[SourceVersionDate "1996.11.15"]
[SourceQuality "1"]

1. e4 e5 2. Nf3 Nf6 3. d4 Nxe4 4. Bd3 d5 5. Nxe5 Nd7 6. 0-0 Nxe5 7. dxe5 Nc5 8. Be2 Be6 9. Nd2 c6 10. Nf3 Qc7 11. Bf4 Be7 12. h3 0-0-0 13. Nd4 Kb8 14. Bh2 Ka8 15. c3 g6 16. a4 Rhe8 17. a5 a6 18. Kh1 Nd7 19. f4 c5 20. f5 gxf5 21. Nxf5 Nxe5 22. Bh5 Bf8 23. Qe2 Bxf5 24. Rxf5 Bd6 25. Re1 Nc4 26. Qxe8 Rxe8 27. Rxe8+ Ka7 28. Bg1 Qxa5 29. b4 Qa1 30. Rxd5 Bg3 31. Rd1 Qxc3 32. Bxc5+ Nb6 33. Bf3 Bc7 34. Re7 Kb8 35. Bxb6 Bxb6 36. Rxb7+ Kc8 37. Rxb6 1-0

[Event "Chania op 5th"]
[Site "Chania"]
[Date "1995.??.??"]
[Round "3"]
[White "Tzoumbas, Anastasios"]
[Black "Orfanos, Lefteris"]
[Result "1-0"]
[WhiteElo "2360"]
[BlackElo "2135"]
[PlyCount "57"]
[EventDate "1995.08.??"]
[EventType "swiss"]
[EventRounds "9"]
[EventCountry "GRE"]
[SourceTitle "EXT 1997"]
[Source "ChessBase"]
[SourceDate "1996.11.15"]
[SourceVersion "1"]
[SourceVersionDate "1996.11.15"]
[SourceQuality "1"]

1. e4 d5 2. exd5 Qxd5 3. Nc3 Qa5 4. d4 Nf6 5. Bd3 Nc6 6. Nge2 Bg4 7. Bd2 Nb4 8. Bc4 Qb6 9. a3 Na6 10. Be3 0-0-0 11. f3 Be6 12. Bd3 Nd5 13. Nxd5 Bxd5 14. c4 Qe6 15. Qb3 Bc6 16. Kf2 Be8 17. Qc2 g6 18. Rhd1 Bg7 19. b4 Qd7 20. Rac1 Nb8 21. d5 a6 22. b5 a5 23. c5 Qxd5 24. Be4 Qh5 25. c6 b6 26. Rxd8+ Kxd8 27. Rd1+ Kc8 28. Qd2 Bxc6 29. bxc6 1-0

[Event "Ikaria op"]
[Site "Ikaria"]
[Date "1993.??.??"]
[Round "7"]
[White "Orfanos, Lefteris"]
[Black "Inkiov, Ventzislav"]
[Result "0-1"]
[WhiteElo "2220"]
[BlackElo "2470"]
[PlyCount "82"]
[EventDate "1993.??.??"]
[EventType "swiss"]
[EventRounds "7"]
[EventCountry "GRE"]
[SourceTitle "EXT 1997"]
[Source "ChessBase"]
[SourceDate "1996.11.15"]
[SourceVersion "1"]
[SourceVersionDate "1996.11.15"]
[SourceQuality "1"]

1. d4 Nf6 2. c4 e6 3. Nc3 Bb4 4. e3 b6 5. Bd3 Bb7 6. Nf3 Ne4 7. Qc2 f5 8. 0-0 Bxc3 9. bxc3 0-0 10. Ne1 c5 11. f3 Ng5 12. Rb1 Na6 13. d5 Qf6 14. a4 Nc7 15. a5 exd5 16. cxd5 Nxd5 17. e4 Ne7 18. exf5 Kh8 19. axb6 axb6 20. Qb3 Bc6 21. Qxb6 Rac8 22. Qxc5 Nxf5 23. Qxf5 Qxf5 24. Bxf5 Rxf5 25. Bxg5 Rxg5 26. c4 Rc5 27. Rb4 Ba8 28. Nd3 Rxc4 29. Rxc4 Rxc4 30. Rb1 Rc8 31. Ne5 Bc6 32. Kf2 Kg8 33. Nd3 d6 34. Ke3 Kf7 35. Rb6 Ke7 36. g3 Kd7 37. Kd2 Bxf3 38. Rb4 Re8 39. Rf4 Bh5 40. h3 Re2+ 41. Kc3 Re3 0-1